[Event "2020 Australian Chess Championship"]
[Site "Sydney, Australia"]
[Date "2020.01.10"]
[Round "8.5"]
[White "Hu, Jason"]
[Black "Zhang, Jilin"]
[Result "1/2-1/2"]
[WhiteElo "2159"]
[BlackElo "2237"]

1. c4 {[%clk 01:30:58]} g6 {[%clk 01:29:55]} {[%emt 00:01:06]} 2. Nc3 {[%clk
01:31:16]} {[%emt 00:00:11]} Bg7 {[%clk 01:30:05]} {[%emt 00:00:21]} 3. e4
{[%clk 01:31:30]} {[%emt 00:00:16]} e5 {[%clk 01:28:03]} {[%emt 00:02:32]} 4.
g3 {[%clk 01:31:53]} {[%emt 00:00:07]} Ne7 {[%clk 01:26:45]} {[%emt 00:01:48]}
5. Bg2 {[%clk 01:32:16]} {[%emt 00:00:07]} c6 {[%clk 01:24:02]} {[%emt
00:03:13]} 6. Nge2 {[%clk 01:32:30]} {[%emt 00:00:15]} O-O {[%clk 01:23:09]}
{[%emt 00:01:24]} 7. O-O {[%clk 01:32:53]} {[%emt 00:00:07]} Na6 {[%clk
01:22:37]} {[%emt 00:01:03]} 8. Rb1 {[%clk 01:26:18]} {[%emt 00:07:05]} d5
{[%clk 01:16:04]} {[%emt 00:07:03]} 9. exd5 {[%clk 01:17:36]} {[%emt 00:09:12]}
cxd5 {[%clk 01:14:50]} {[%emt 00:01:45]} 10. Bxd5 {[%clk 01:17:41]} {[%emt
00:00:24]} Nxd5 {[%clk 01:13:43]} {[%emt 00:01:37]} 11. Nxd5 {[%clk 01:17:33]}
{[%emt 00:00:38]} Bf5 {[%clk 01:08:28]} {[%emt 00:05:45]} 12. d3 {[%clk
01:07:28]} {[%emt 00:10:35]} Nc5 {[%clk 01:04:58]} {[%emt 00:04:00]} 13. Be3
{[%clk 01:04:03]} {[%emt 00:03:55]} Nxd3 {[%clk 01:04:00]} {[%emt 00:01:28]} 14.
Nec3 {[%clk 00:55:23]} {[%emt 00:09:09]} e4 {[%clk 00:53:01]} {[%emt 00:41:49]}
15. g4 {[%clk 00:49:49]} Be6 {[%clk 00:50:44]} 16. Nxe4 {[%clk 00:45:59]} Bxd5
{[%clk 00:42:35]} 17. Qxd3 {[%clk 00:38:39]} Be6 {[%clk 00:41:24]} {[%emt
00:01:01]} 18. Qe2 {[%clk 00:36:44]} {[%emt 00:02:25]} Qc8 {[%clk 00:39:00]}
{[%emt 00:02:54]} 19. Nd6 {[%clk 00:21:37]} {[%emt 00:15:37]} Bxg4 {[%clk
00:37:41]} {[%emt 00:01:49]} 20. f3 {[%clk 00:21:43]} {[%emt 00:00:23]} Qc6
{[%clk 00:36:59]} {[%emt 00:01:12]} 21. fxg4 {[%clk 00:18:35]} {[%emt
00:03:37]} Qxd6 {[%clk 00:37:22]} {[%emt 00:00:07]} 22. Qf3 {[%clk 00:17:13]}
{[%emt 00:01:52]} Bd4 {[%clk 00:24:54]} {[%emt 00:12:59]} 23. Rbd1 {[%clk
00:14:06]} {[%emt 00:03:37]} Bxe3+ {[%clk 00:25:11]} {[%emt 00:00:13]} 24. Qxe3
{[%clk 00:14:35]} {[%emt 00:00:02]} Qc6 {[%clk 00:24:44]} {[%emt 00:00:56]} 25.
b3 {[%clk 00:13:58]} {[%emt 00:01:06]} a5 {[%clk 00:23:48]} {[%emt 00:01:27]}
26. Qf3 {[%clk 00:11:12]} {[%emt 00:03:16]} Qc7 {[%clk 00:20:22]} {[%emt
00:03:56]} 27. Qf4 {[%clk 00:10:34]} {[%emt 00:01:08]} Qe7 {[%clk 00:16:28]}
{[%emt 00:04:24]} 28. Qf6 {[%clk 00:09:53]} {[%emt 00:01:12]} Qe2 {[%clk
00:10:08]} {[%emt 00:06:51]} 29. Qf3 {[%clk 00:09:46]} {[%emt 00:00:36]} Qe7
{[%clk 00:09:18]} {[%emt 00:01:20]} 30. Qf6 {[%clk 00:09:42]} {[%emt 00:00:34]}
Qe2 {[%clk 00:08:40]} {[%emt 00:01:08]} 31. Qf3 {[%clk 00:10:07]} {[%emt
00:00:05]} Qe7 {[%clk 00:08:52]} {[%emt 00:00:18]} 32. Rd5 {[%clk 00:07:17]}
{[%emt 00:03:19]} Rad8 {[%clk 00:04:51]} {[%emt 00:04:31]} 33. Rfd1 {[%clk
00:05:20]} {[%emt 00:02:27]} a4 {[%clk 00:04:01]} {[%emt 00:01:21]} 34. Kg2
{[%clk 00:04:03]} {[%emt 00:01:47]} axb3 {[%clk 00:04:05]} {[%emt 00:00:26]} 35.
axb3 {[%clk 00:04:30]} {[%emt 00:00:03]} b6 {[%clk 00:03:39]} {[%emt 00:00:56]}
36. R1d2 {[%clk 00:04:10]} {[%emt 00:00:49]} Rfe8 {[%clk 00:02:53]} {[%emt
00:01:16]} 37. Qf4 {[%clk 00:03:13]} {[%emt 00:01:28]} Qb7 {[%clk 00:01:30]}
{[%emt 00:01:53]} 38. Kg3 {[%clk 00:03:04]} {[%emt 00:00:39]} Qe7 {[%clk
00:01:41]} {[%emt 00:00:19]} 39. Kg2 {[%clk 00:02:55]} {[%emt 00:00:39]} Qb7
{[%clk 00:01:52]} {[%emt 00:00:18]} 40. g5 {[%clk 00:01:48]} {[%emt 00:01:37]}
Rd7 {[%clk 00:01:06]} {[%emt 00:01:17]} 41. Qf3 {[%clk 00:26:11]} {[%emt
00:06:06]} Rde7 {[%clk 00:29:54]} {[%emt 00:01:42]} 42. Rd8 {[%clk 00:22:29]}
{[%emt 00:04:12]} Qc7 {[%clk 00:28:41]} {[%emt 00:01:44]} 43. Rxe8+ {[%clk
00:21:28]} {[%emt 00:01:31]} Rxe8 {[%clk 00:29:10]} 44. h4 {[%clk 00:21:13]}
{[%emt 00:00:45]} Qe7 {[%clk 00:25:53]} {[%emt 00:03:47]} 45. Qd5 {[%clk
00:19:08]} {[%emt 00:02:34]} h6 {[%clk 00:22:56]} {[%emt 00:03:29]} 46. h5
{[%clk 00:10:51]} {[%emt 00:08:47]} Qe6 {[%clk 00:13:13]} {[%emt 00:10:13]} 47.
Qxe6 {[%clk 00:10:02]} {[%emt 00:01:18]} Rxe6 {[%clk 00:13:36]} {[%emt
00:00:06]} 48. Rd8+ {[%clk 00:10:00]} {[%emt 00:00:31]} Kh7 {[%clk 00:12:28]}
{[%emt 00:01:39]} 49. Rd7 {[%clk 00:07:38]} {[%emt 00:02:52]} gxh5 {[%clk
00:09:54]} {[%emt 00:03:04]} 50. Rxf7+ {[%clk 00:02:15]} {[%emt 00:05:53]} Kg6
{[%clk 00:10:17]} {[%emt 00:00:07]} 51. Rf6+ {[%clk 00:02:28]} {[%emt
00:00:16]} Rxf6 {[%clk 00:10:41]} {[%emt 00:00:07]} 52. gxf6 {[%clk 00:02:54]}
{[%emt 00:00:04]} Kxf6 {[%clk 00:11:03]} {[%emt 00:00:08]} 53. b4 {[%clk
00:03:18]} {[%emt 00:00:06]} 1/2-1/2

[Event "2020 Australian Chess Championship"]
[Site "Sydney, Australia"]
[Date "2020.01.10"]
[Round "8.6"]
[White "Kethro, Michael"]
[Black "Kargosha, Bahman"]
[Result "1/2-1/2"]
[WhiteElo "2093"]
[BlackElo "2101"]

1. d4 {[%clk 01:30:55]} {[%emt 00:00:04]} Nf6 {[%clk 01:30:38]} {[%emt
00:00:23]} 2. c4 {[%clk 01:31:11]} {[%emt 00:00:14]} e6 {[%clk 01:30:57]}
{[%emt 00:00:11]} 3. g3 {[%clk 01:31:11]} {[%emt 00:00:30]} d5 {[%clk
01:31:17]} {[%emt 00:00:09]} 4. Nf3 {[%clk 01:31:21]} {[%emt 00:00:20]} Bb4+
{[%clk 01:31:37]} {[%emt 00:00:11]} 5. Bd2 {[%clk 01:31:29]} {[%emt 00:00:22]}
Bd6 {[%clk 01:31:52]} {[%emt 00:00:14]} 6. Nc3 {[%clk 01:29:52]} {[%emt
00:02:08]} O-O {[%clk 01:31:25]} {[%emt 00:00:57]} 7. Bg5 {[%clk 01:27:15]}
{[%emt 00:03:06]} c6 {[%clk 01:31:49]} {[%emt 00:00:06]} 8. e4 {[%clk
01:22:34]} {[%emt 00:05:11]} dxe4 {[%clk 01:30:05]} {[%emt 00:02:15]} 9. Nxe4
{[%clk 01:22:09]} {[%emt 00:00:55]} Bb4+ {[%clk 01:28:57]} {[%emt 00:01:37]} 10.
Nc3 {[%clk 01:13:10]} {[%emt 00:09:28]} h6 {[%clk 01:25:48]} {[%emt 00:03:40]}
11. Bxf6 {[%clk 00:58:52]} {[%emt 00:14:48]} Qxf6 {[%clk 01:23:46]} {[%emt
00:02:32]} 12. Bg2 {[%clk 00:57:56]} {[%emt 00:01:26]} Nd7 {[%clk 01:20:07]}
{[%emt 00:04:10]} 13. O-O {[%clk 00:54:49]} {[%emt 00:03:36]} Bxc3 {[%clk
01:16:33]} {[%emt 00:04:04]} 14. bxc3 {[%clk 00:55:03]} {[%emt 00:00:16]} e5
{[%clk 01:14:25]} {[%emt 00:02:38]} 15. Re1 {[%clk 00:52:57]} {[%emt 00:02:36]}
exd4 {[%clk 01:14:11]} {[%emt 00:00:44]} 16. cxd4 {[%clk 00:50:39]} {[%emt
00:02:48]} Nb6 {[%clk 01:13:40]} {[%emt 00:01:01]} 17. c5 {[%clk 00:40:53]}
{[%emt 00:10:16]} Nd5 {[%clk 01:11:05]} {[%emt 00:03:05]} 18. Ne5 {[%clk
00:35:08]} {[%emt 00:31:55]} Rd8 {[%clk 01:04:02]} 19. Qb3 Rb8 {[%clk
00:47:53]} {[%emt 00:01:25]} 20. Rad1 {[%clk 00:26:30]} {[%emt 00:06:46]} Be6
{[%clk 00:39:21]} {[%emt 00:09:02]} 21. Qa3 {[%emt 00:08:10]} a6 {[%clk
00:25:41]} {[%emt 00:13:53]} 22. Qc1 {[%clk 00:11:01]} {[%emt 00:08:36]} Ne7
{[%clk 00:21:33]} {[%emt 00:04:38]} 23. h4 {[%clk 00:07:11]} {[%emt 00:04:20]}
Ng6 {[%clk 00:07:23]} {[%emt 00:14:40]} 24. Nxg6 {[%clk 00:03:23]} {[%emt
00:04:19]} Qxg6 {[%clk 00:07:40]} {[%emt 00:00:12]} 25. a3 {[%clk 00:01:39]}
{[%emt 00:02:15]} Qf6 {[%clk 00:07:33]} {[%emt 00:00:37]} 26. Re4 {[%clk
00:01:33]} {[%emt 00:00:36]} Bd5 {[%clk 00:06:41]} {[%emt 00:01:23]} 27. Rf4
{[%clk 00:01:43]} {[%emt 00:00:20]} Qg6 {[%clk 00:04:43]} {[%emt 00:02:28]} 28.
Bh3 {[%clk 00:01:44]} {[%emt 00:00:29]} Be6 {[%clk 00:04:49]} {[%emt 00:00:23]}
29. Bg2 {[%clk 00:01:32]} {[%emt 00:00:42]} Bd5 {[%clk 00:05:14]} {[%emt
00:00:05]} 30. Bh3 {[%clk 00:01:58]} {[%emt 00:00:04]} Be6 {[%clk 00:05:07]}
{[%emt 00:00:36]} 31. Bg2 {[%clk 00:02:07]} {[%emt 00:00:22]} 1/2-1/2

[Event "2020 Australian Chess Championship"]
[Site "Sydney, Australia"]
[Date "2020.01.10"]
[Round "8.7"]
[White "Plant, John Stuart"]
[Black "Solomon, Stephen J"]
[Result "0-1"]
[WhiteElo "1993"]
[BlackElo "2319"]

1. b3 {[%clk 01:30:43]} {[%emt 00:00:17]} Nf6 {[%clk 01:30:21]} {[%emt
00:00:39]} 2. Bb2 {[%clk 01:30:56]} {[%emt 00:00:16]} g6 {[%clk 01:30:26]}
{[%emt 00:00:25]} 3. e3 {[%clk 01:31:15]} {[%emt 00:00:11]} Bg7 {[%clk
01:30:41]} {[%emt 00:00:15]} 4. d4 {[%clk 01:31:27]} {[%emt 00:00:18]} O-O
{[%clk 01:30:08]} {[%emt 00:01:03]} 5. Nf3 {[%clk 01:31:46]} {[%emt 00:00:12]}
d6 {[%clk 01:30:04]} {[%emt 00:00:35]} 6. Be2 {[%clk 01:31:27]} {[%emt
00:00:48]} e5 {[%clk 01:24:51]} {[%emt 00:05:44]} 7. O-O {[%clk 01:30:08]}
{[%emt 00:01:49]} Nbd7 {[%clk 01:12:01]} {[%emt 00:13:21]} 8. c4 {[%clk
01:28:03]} {[%emt 00:02:35]} Re8 {[%clk 01:09:17]} {[%emt 00:03:14]} 9. Nc3
{[%clk 01:26:45]} {[%emt 00:01:47]} c6 {[%clk 01:07:44]} {[%emt 00:02:03]} 10.
Re1 {[%clk 01:21:01]} {[%emt 00:06:14]} a6 {[%clk 01:01:57]} {[%emt 00:06:18]}
11. a4 {[%clk 01:17:40]} {[%emt 00:03:51]} e4 {[%clk 00:56:52]} {[%emt
00:05:35]} 12. Nd2 {[%clk 01:17:55]} {[%emt 00:00:15]} d5 {[%clk 00:57:11]}
{[%emt 00:00:12]} 13. Rc1 {[%clk 01:14:49]} {[%emt 00:03:34]} Nf8 {[%clk
00:56:25]} {[%emt 00:01:15]} 14. cxd5 {[%clk 01:11:21]} {[%emt 00:03:59]} cxd5
{[%clk 00:56:22]} {[%emt 00:00:34]} 15. b4 {[%clk 01:11:18]} {[%emt 00:00:33]}
b6 {[%clk 00:50:17]} {[%emt 00:06:36]} 16. Nf1 {[%clk 01:00:38]} {[%emt
00:11:09]} h5 {[%clk 00:49:49]} {[%emt 00:00:56]} 17. b5 {[%clk 00:59:12]}
{[%emt 00:01:58]} a5 {[%clk 00:49:40]} {[%emt 00:00:38]} 18. Ba3 {[%clk
00:57:05]} {[%emt 00:02:38]} N8h7 {[%clk 00:46:13]} {[%emt 00:03:56]} 19. Nb1
{[%clk 00:52:39]} {[%emt 00:04:56]} h4 {[%clk 00:36:08]} {[%emt 00:10:36]} 20.
Qc2 {[%clk 00:45:19]} {[%emt 00:07:50]} Ra7 {[%clk 00:32:57]} {[%emt 00:03:42]}
21. Qc6 {[%clk 00:40:48]} {[%emt 00:05:01]} Bd7 {[%clk 00:32:44]} {[%emt
00:00:43]} 22. Qc3 {[%clk 00:41:01]} {[%emt 00:00:17]} Qb8 {[%clk 00:24:04]}
{[%emt 00:09:11]} 23. Nbd2 {[%clk 00:35:26]} {[%emt 00:06:04]} Ng5 {[%clk
00:24:02]} {[%emt 00:00:32]} 24. Rc2 {[%clk 00:34:02]} {[%emt 00:01:55]} Ne6
{[%clk 00:20:11]} {[%emt 00:04:21]} 25. Rec1 {[%clk 00:31:36]} {[%emt
00:02:55]} Kh7 {[%clk 00:20:11]} {[%emt 00:00:30]} 26. f3 {[%clk 00:27:56]}
{[%emt 00:04:10]} exf3 {[%clk 00:19:06]} {[%emt 00:01:36]} 27. Bxf3 {[%clk
00:25:55]} {[%emt 00:02:30]} Ng5 {[%clk 00:18:29]} {[%emt 00:01:06]} 28. Qb3
{[%clk 00:22:33]} {[%emt 00:03:52]} Be6 {[%clk 00:11:10]} {[%emt 00:07:49]} 29.
Rc6 {[%clk 00:21:41]} {[%emt 00:01:21]} Rd7 {[%clk 00:11:33]} {[%emt 00:00:07]}
30. Qc3 {[%clk 00:20:05]} {[%emt 00:02:06]} Nge4 {[%clk 00:06:08]} {[%emt
00:05:56]} 31. Bxe4 {[%clk 00:17:50]} {[%emt 00:02:45]} dxe4 {[%clk 00:06:21]}
{[%emt 00:00:17]} 32. Rc8 {[%clk 00:17:15]} {[%emt 00:01:05]} Rxc8 {[%clk
00:06:20]} {[%emt 00:00:31]} 33. Qxc8 {[%clk 00:17:36]} {[%emt 00:00:08]} Qxc8
{[%clk 00:06:27]} {[%emt 00:00:24]} 34. Rxc8 {[%clk 00:17:53]} {[%emt
00:00:13]} Rxd4 {[%clk 00:06:24]} {[%emt 00:00:33]} 35. exd4 {[%clk 00:17:35]}
{[%emt 00:00:47]} Bxc8 {[%clk 00:06:43]} {[%emt 00:00:11]} 36. Ne3 {[%clk
00:13:53]} {[%emt 00:04:12]} Bb7 {[%clk 00:04:15]} {[%emt 00:02:58]} 37. Kf2
{[%clk 00:13:02]} {[%emt 00:01:20]} Bh6 {[%clk 00:04:00]} {[%emt 00:00:46]} 38.
Ndc4 {[%clk 00:13:01]} {[%emt 00:00:30]} Nd7 {[%clk 00:02:06]} {[%emt
00:02:24]} 39. Be7 {[%clk 00:12:41]} {[%emt 00:00:50]} f5 {[%clk 00:01:54]}
{[%emt 00:00:43]} 40. Bd8 {[%clk 00:11:30]} {[%emt 00:01:41]} f4 {[%clk
00:01:51]} {[%emt 00:00:33]} 41. Ng4 {[%clk 00:10:36]} {[%emt 00:01:23]} e3+
{[%clk 00:31:04]} {[%emt 00:04:05]} 42. Kf1 {[%clk 00:40:46]} {[%emt 00:00:19]}
Bf8 {[%clk 00:07:42]} {[%emt 00:23:53]} 43. Nxb6 {[%clk 00:37:50]} {[%emt
00:03:25]} Nxb6 {[%clk 00:07:46]} {[%emt 00:00:26]} 44. Bxb6 {[%clk 00:38:07]}
{[%emt 00:00:13]} Bb4 {[%clk 00:08:12]} {[%emt 00:00:04]} 45. d5 {[%clk
00:18:32]} {[%emt 00:20:04]} Be7 {[%clk 00:05:15]} {[%emt 00:03:27]} 46. h3
{[%clk 00:16:41]} {[%emt 00:02:21]} Bxd5 {[%clk 00:05:14]} {[%emt 00:00:32]} 47.
Bxa5 {[%clk 00:16:57]} {[%emt 00:00:13]} g5 {[%clk 00:04:55]} {[%emt 00:00:49]}
48. b6 {[%clk 00:16:07]} {[%emt 00:01:20]} Kg6 {[%clk 00:04:42]} {[%emt
00:00:42]} 49. Bc3 {[%clk 00:15:42]} {[%emt 00:00:55]} Kf5 {[%clk 00:04:08]}
{[%emt 00:01:05]} 50. a5 {[%clk 00:13:13]} {[%emt 00:02:58]} Bb7 {[%clk
00:04:31]} {[%emt 00:00:07]} 51. Ke1 {[%clk 00:05:17]} {[%emt 00:08:26]} Ke4
{[%clk 00:03:59]} {[%emt 00:01:01]} 52. Kd1 {[%clk 00:03:53]} {[%emt 00:01:55]}
Kd3 {[%clk 00:03:26]} {[%emt 00:01:03]} 53. Be1 {[%clk 00:03:46]} {[%emt
00:00:36]} Bd6 {[%clk 00:03:41]} {[%emt 00:00:15]} 54. Nh2 {[%clk 00:03:16]}
{[%emt 00:00:59]} Ba3 {[%clk 00:03:47]} {[%emt 00:00:25]} 55. Bd2 {[%clk
00:02:04]} {[%emt 00:01:42]} exd2 {[%clk 00:03:47]} {[%emt 00:00:30]} 56. Nf3
{[%clk 00:02:15]} {[%emt 00:00:19]} Bb4 {[%clk 00:03:06]} {[%emt 00:01:08]} 57.
a6 {[%clk 00:01:26]} {[%emt 00:01:22]} Bd5 {[%clk 00:02:32]} {[%emt 00:01:03]}
58. Ne5+ {[%clk 00:01:06]} {[%emt 00:00:50]} Kc3 {[%clk 00:02:55]} {[%emt
00:00:06]} 59. Ke2 {[%clk 00:00:56]} {[%emt 00:00:40]} Kc2 {[%clk 00:03:18]}
{[%emt 00:00:07]} 0-1

[Event "2020 Australian Chess Championship"]
[Site "Sydney, Australia"]
[Date "2020.01.10"]
[Round "8.8"]
[White "Bayaca, Sterling"]
[Black "O`Chee, Kevin"]
[Result "1-0"]
[WhiteElo "1994"]
[BlackElo "2156"]

1. c4 {[%clk 01:30:51]} {[%emt 00:00:08]} Nf6 {[%clk 01:30:52]} {[%emt
00:00:09]} 2. Nc3 {[%clk 01:30:44]} {[%emt 00:00:36]} g6 {[%clk 01:30:20]}
{[%emt 00:01:02]} 3. e4 {[%clk 01:31:11]} {[%emt 00:00:03]} d6 {[%clk
01:30:45]} {[%emt 00:00:06]} 4. d4 {[%clk 01:31:26]} {[%emt 00:00:13]} Bg7
{[%clk 01:31:10]} {[%emt 00:00:05]} 5. Nf3 {[%clk 01:31:50]} {[%emt 00:00:05]}
O-O {[%clk 01:31:34]} {[%emt 00:00:07]} 6. Be2 {[%clk 01:32:16]} {[%emt
00:00:03]} e5 {[%clk 01:28:54]} {[%emt 00:03:11]} 7. dxe5 {[%clk 01:32:43]}
{[%emt 00:00:03]} dxe5 {[%clk 01:29:15]} {[%emt 00:00:10]} 8. Qxd8 {[%clk
01:33:08]} {[%emt 00:00:04]} Rxd8 {[%clk 01:29:37]} {[%emt 00:00:07]} 9. Bg5
{[%clk 01:33:34]} {[%emt 00:00:04]} Nbd7 {[%clk 01:26:53]} {[%emt 00:03:15]} 10.
O-O-O {[%clk 01:33:11]} {[%emt 00:00:53]} Re8 {[%clk 01:26:50]} {[%emt
00:00:34]} 11. Nb5 {[%clk 01:18:49]} {[%emt 00:14:52]} Rb8 {[%clk 01:26:56]}
{[%emt 00:00:24]} 12. Nxc7 {[%clk 01:17:35]} {[%emt 00:01:44]} Rf8 {[%clk
01:27:15]} {[%emt 00:00:11]} 13. Be3 {[%clk 01:06:43]} {[%emt 00:11:22]} b6
{[%clk 01:25:57]} {[%emt 00:01:49]} 14. Nd5 {[%clk 01:05:10]} {[%emt 00:02:03]}
Bb7 {[%clk 01:23:22]} {[%emt 00:03:05]} 15. Nd2 {[%clk 01:05:14]} {[%emt
00:00:25]} Nxd5 {[%clk 01:22:33]} {[%emt 00:01:19]} 16. cxd5 {[%clk 01:04:57]}
{[%emt 00:00:47]} f5 {[%clk 01:22:42]} {[%emt 00:00:22]} 17. f3 {[%clk
01:04:44]} {[%emt 00:00:43]} Nf6 {[%clk 01:20:28]} {[%emt 00:02:44]} 18. Kb1
{[%clk 01:02:11]} {[%emt 00:03:02]} Rfd8 {[%clk 01:19:33]} {[%emt 00:01:26]} 19.
Rhf1 {[%clk 00:59:44]} {[%emt 00:02:57]} Nh5 {[%clk 01:18:39]} {[%emt
00:01:24]} 20. g3 {[%clk 00:58:03]} {[%emt 00:02:10]} Rf8 {[%clk 01:16:44]}
{[%emt 00:02:26]} 21. Bg5 {[%clk 00:51:07]} {[%emt 00:07:24]} h6 {[%clk
01:14:36]} {[%emt 00:02:40]} 22. Be7 {[%clk 00:51:18]} {[%emt 00:00:18]} Rfe8
{[%clk 01:12:21]} {[%emt 00:02:45]} 23. Bd6 {[%clk 00:45:16]} {[%emt 00:06:33]}
Ra8 {[%clk 01:10:44]} {[%emt 00:02:07]} 24. Bb5 {[%clk 00:38:14]} {[%emt
00:07:32]} Rec8 {[%clk 01:10:57]} {[%emt 00:00:17]} 25. Bd7 {[%clk 00:36:11]}
{[%emt 00:02:32]} Rd8 {[%clk 01:11:14]} {[%emt 00:00:14]} 26. Be6+ {[%clk
00:36:35]} {[%emt 00:00:06]} Kh7 {[%clk 01:10:35]} {[%emt 00:01:10]} 27. Bc7
{[%clk 00:36:47]} {[%emt 00:00:17]} Rf8 {[%clk 01:10:32]} {[%emt 00:00:33]} 28.
exf5 {[%clk 00:33:37]} {[%emt 00:03:41]} gxf5 {[%clk 01:10:48]} {[%emt
00:00:14]} 29. Bd6 {[%clk 00:33:56]} {[%emt 00:00:10]} Rfd8 {[%clk 01:09:27]}
{[%emt 00:01:52]} 30. Bxf5+ {[%clk 00:34:14]} {[%emt 00:00:13]} Kh8 {[%clk
01:09:41]} {[%emt 00:00:15]} 31. Ne4 {[%clk 00:33:58]} {[%emt 00:00:45]} Nf6
{[%clk 01:09:34]} {[%emt 00:00:37]} 32. Be7 {[%clk 00:30:04]} {[%emt 00:04:24]}
Nxe4 {[%clk 01:08:41]} {[%emt 00:01:24]} 33. fxe4 {[%clk 00:29:59]} {[%emt
00:00:36]} Re8 {[%clk 01:08:39]} {[%emt 00:00:32]} 34. d6 {[%clk 00:29:43]}
{[%emt 00:00:45]} Bf8 {[%clk 01:08:34]} {[%emt 00:00:36]} 35. Bh4 {[%clk
00:29:13]} {[%emt 00:01:00]} Ba6 {[%clk 01:08:16]} {[%emt 00:00:49]} 36. Rf2
{[%clk 00:28:12]} {[%emt 00:01:30]} Reb8 {[%clk 01:07:09]} {[%emt 00:01:38]} 37.
Rfd2 {[%clk 00:28:08]} {[%emt 00:00:32]} Kg7 {[%clk 01:06:23]} {[%emt
00:01:17]} 38. Rc2 {[%clk 00:26:54]} {[%emt 00:01:44]} 1-0

[Event "2020 Australian Chess Championship"]
[Site "Sydney, Australia"]
[Date "2020.01.10"]
[Round "8.9"]
[White "McGowan, Cameron"]
[Black "Nakauchi, Gene"]
[Result "1-0"]
[WhiteElo "2221"]
[BlackElo "2150"]

1. e4 c5 2. Nf3 e6 3. d3 Nc6 4. g3 d5 5. Nbd2 Nf6 6. Bg2 Be7 7. O-O O-O 8. Re1
Re8 9. e5 Nd7 10. Nf1 f6 11. exf6 Bxf6 12. Ne3 Nb6 13. c4 dxc4 14. dxc4 e5 15.
Qxd8 Rxd8 16. Nd2 Be6 17. Bxc6 bxc6 18. b3 e4 19. Rb1 Bc3 20. Re2 Rd4 21. Ndf1
Rb8 22. Ba3 Nd7 23. Rc1 Rd3 24. Ng2 Bf5 25. Nf4 Bd4 26. Ne3 Bg6 27. Nxg6 hxg6
28. Nc2 Re8 29. Ne1 Rc3 30. Rd1 Ne5 31. Bb2 e3 32. f4 Ng4 33. Bxc3 Bxc3 34. Nc2
Kf8 35. Rd7 Bd2 36. Kg2 Nf6 37. Rd3 Bc1 38. h3 g5 39. fxg5 Ne4 40. h4 Nf2 41.
Rdxe3 Bxe3 42. Rxe3 Rxe3 43. Nxe3 Nd3 44. Nd1 Kf7 45. Kf3 Ke6 46. Ke4 Nb4 47.
Nc3 a5 48. h5 Kf7 49. g4 Nc2 50. Na4 Nb4 51. a3 Nc2 52. Nxc5 Nxa3 53. g6+ Kg8
54. g5 Nc2 55. h6 Kh8 56. h7 Nd4 57. Nb7 Ne6 58. Nd6 Nxg5+ 59. Kf5 Nxh7 60.
gxh7 c5 61. Kg6 1-0

[Event "2020 Australian Chess Championship"]
[Site "Sydney, Australia"]
[Date "2020.01.10"]
[Round "8.10"]
[White "Parle, Hughston"]
[Black "Ng, Clive"]
[Result "1-0"]
[WhiteElo "2057"]
[BlackElo "2061"]

1. e4 c5 2. Nf3 Nc6 3. d4 cxd4 4. Nxd4 Nf6 5. Nc3 e5 6. Ndb5 d6 7. Bg5 a6 8.
Na3 b5 9. Nd5 Be7 10. Bxf6 Bxf6 11. c4 b4 12. Nc2 a5 13. h4 O-O 14. g3 g6 15.
Bh3 Bb7 16. h5 Bg5 17. hxg6 fxg6 18. Qe2 Ne7 19. Nce3 Nxd5 20. Be6+ Kh8 21.
exd5 Bxe3 22. Qxe3 Qf6 23. O-O-O Qg7 24. Rh4 g5 25. Rh5 Bc8 26. Rxg5 Qf6 27.
Rf5 Qe7 28. Rxf8+ Qxf8 29. f4 Bxe6 30. dxe6 Rc8 31. Qe4 exf4 32. gxf4 Qg7 33.
Rxd6 a4 34. e7 Re8 35. Rd8 Qg1+ 36. Kd2 Qf2+ 37. Kd3 Qf1+ 38. Kd4 Qf2+ 39. Kd5
1-0